000
00333 a2200145 4500
001
164399
020
_a
040
_c
Magnum
100
_a
Gadet, Francoise (Org)
240
1
0
_a
Por uma analise automatica do discurso
_l
por
245
1
0
_a
Por uma analise automatica do discurso
362
0
_a
1899
697
_a
GERAL
942
_c
BK
999
_c
164399
_d
164399